000 00468nam a2200181Ia 4500
001 22997
005 20260414150908.0
008 260414t2015||||xx |||||||||||||| ||spa||
041 _aESP
082 _a624.1762
_bE355
100 _aElnashai, Amr S.
_eAUT
245 0 _aFundamentals of earthquake engineering :
_bfrom source to fragility
260 _c2015
300 _axxiv, 469 páginas :
_c25 cm.
650 _a0
654 _aCIC
942 _cLIB
_dJUS
_fJUS
_2ddc
_n
999 _c22997
_d22997